000 04948cam a22004818i 4500
001 in00024293337
003 DLC
005 20260427110611.0
007 ta
008 250804s2026 nyu b 001 0ceng
010 _a 2025030207
020 _a9781250878724 (hardcover)
020 _a1250878721 (hardcover)
020 _z9781250878762
_qebook
040 _aDLC
_beng
_erda
_cDLC
_dDLC-MRC
_dDLC
041 _aeng
042 _apcc
043 _an-us---
_0http://id.loc.gov/authorities/names/n78095330
050 1 4 _aPN 1998.3
_bF529l 2026
082 0 0 _a791.4302/33092
100 1 _aFischer, Paul
_c(Documentary film producer)
_948027
245 1 4 _aThe last kings of Hollywood :
_bCoppola, Lucas, Spielberg--and the battle for the soul of American cinema /
_cPaul Fischer.
250 _aFirst edition.
264 1 _aNew York :
_bCeladon Books,
_c2026.
300 _axv, 462 pages, 16 unnumbered pages of plates :
_billustrations ;
_c25 cm
336 _atext
_btxt
_2rdacontent
337 _aunmediated
_bn
_2rdamedia
338 _avolume
_bnc
_2rdacarrier
504 _aIncludes bibliographical references and index.
505 0 _aAuthor's note Opening credits Introduction Part one: The outsiders. Twenty years later ; Beyond the rainbow ; Reality ends here ; The fear that thrills ; I lie to you all the time ; Do you wanna be a film director? ; Test-tube baby Part two: Young moguls. American zoetrope ; Black Thursday ; I believe in America ; The family business ; Unicorns ; America's Fellini ; Harrison Ford is not a good name for you ; Paranoia in North Beach ; From Sugarland to the vineyard ; You're gonna need a bigger boat ; Indiana Smith and Francis's apocalypse ; We could get another scream here ; Blockbuster ; Final-cut directors Part three: Company men. Those fuckers are crazy ; A walk in the dark ; This is the way the world ends ; Lucky sandcastles ; The horse may talk ; Do you want to live or die? ; Empire ; What if he got the dog? ; The dream ; High concept ; Like the old serials ; Shangri-Coppola ; The way of the Force ; The edge of the future Epilogue
520 _a"The untold, intimate story of how three young visionaries--Francis Ford Coppola, George Lucas, and Steven Spielberg--revolutionized American cinema, creating the most iconic films in history while risking everything, redefining friendship, and shaping Hollywood as we know it. In the summer of 1967, as the old Hollywood studio system was dying, an intense, uncompromising young film school graduate named George Lucas walked onto the Warner Bros backlot for his first day working as an assistant to another up-and-coming, largely-unknown filmmaker, a boisterous father of two called Francis Ford Coppola. At the exact same time, across town on the Universal Studios lot, a film-obsessed twenty-year-old from a peripatetic Jewish family, Steven Spielberg, longed to break free from his apprenticeship for the struggling studio and become a film director in his own right. Within a year, the three men would become friends. Spielberg, prioritizing security, got his seven-year contract directing television. Lucas and Coppola, hungry for independence, left Hollywood for San Francisco to found an alternative studio, American Zoetrope, and make films without answering to corporate capitalism. Based on extensive research and hundreds of original interviews with the inner circle of these Hollywood icons, The Last Kings of Hollywood tells the thrilling, dramatic inside story of how, over the next fifteen years, the three filmmakers rivalled and supported each other, fell out and reconciled, and struggled to reinvent popular American cinema. Along the way, Coppola directed The Godfather, then the highest-grossing film of all-time, until Spielberg surpassed it with Jaws -- whose record Lucas broke with Star Wars, which Spielberg surpassed again with E.T. By the early 1980s, they were the richest, best-known filmmakers in the world, each with an empire of their own. The Last Kings of Hollywood is an unprecedented chronicle of their rise, their dreams and demons, their triumphs and their failures -- intimate, extraordinary, and supremely entertaining"-- Provided by publisher.
600 1 4 _aCoppola, Francis Ford,
_d1939-
_969
600 1 4 _aLucas, George,
_d1944-
_922723
600 1 4 _aSpielberg, Steven,
_d1946-
_930166
650 0 _aMotion picture producers and directors
_zUnited States
_vBiography
650 4 _aProductores y directores de cine
_vBiografĂ­as
_zEstados Unidos
_947165
758 _1http://id.loc.gov/resources/instances/in00024293337
758 _4http://id.loc.gov/ontologies/bibframe/instanceOf
_1http://id.loc.gov/resources/works/in00024293337
884 _aDLC bibframe2marc v2.10
_g20250804
_qDLC
_uhttps://github.com/lcnetdev/bibframe2marc/releases/tag/v2.10
906 _a7
_bcbc
_corignew
_d1
_eecip
_f20
_gy-gencatlg
942 _2lcc
_cBK
999 _c126870
_d126870